00000000cam 2200000zi 4500
0019.958234
003CaOODSP
00520251212133948
006m     o  d f      
007cr |n|||||||||
008251212s1929    nscd    o    f|0| 0 eng d
040 |aCaOODSP|beng|erda|cCaOODSP
043 |an-cn---
0861 |aFs52-5/38-1929E-PDF
1001 |aLangstroth, G. O., |eauthor.
24510|aPreliminary note on the rate of decay of fish muscle / |cG.O. Langstroth, D. LeB. Cooper, H. Tarr.
264 1|aHalifax : |bBiological Board of Canada, |c1929.
300 |a1 online resource (4 unnumbered pages) : |bchart.
336 |atext|btxt|2rdacontent
337 |acomputer|bc|2rdamedia
338 |aonline resource|bcr|2rdacarrier
4901 |aManuscript reports of the experimental stations ; |vno. 38
500 |aDigitized edition from print [produced by Department of Fisheries and Oceans].
520 |a"The temperature rise, due to the heat of the reactions which go on in fish muscle from the time of killing to putrefaction, was measured at frequent intervals and the resulting time-temperature curve is shown in Fig. 1"--page [3].
650 0|aHake|xMicrobiology.
650 0|aDecomposition (Chemistry)
650 6|aMerlus|xMicrobiologie.
650 6|aDécomposition (Chimie)
7102 |aBiological Board of Canada, |eissuing body.
830#0|aManuscript reports of the experimental stations ;|vno. 38.|w(CaOODSP)9.948621
85640|qPDF|s1.16 MB|uhttps://publications.gc.ca/collections/collection_2025/mpo-dfo/fs52-5/Fs52-5-38-1929-eng.pdf